[Event "ch-FRA Blitz Online Qual"]
[Site "Europe-Chess INT"]
[Date "2020.05.16"]
[Round "15"]
[White "LHeritier, Boris"]
[Black "Launay, Maxence"]
[Result "1-0"]
[WhiteElo "1763"]
[BlackElo "1084"]
[WhiteFideId "26033003"]
[BlackFideId "551013231"]
[EventDate "2020.05.16"]

1. d4 d5 2. Nf3 e6 3. g3 Nf6 4. Bg2 Be7 5. O-O Nc6 6. c4 b6 7. Nc3 Bb7 8. cxd5
Nxd5 9. e4 Nxc3 10. bxc3 Na5 11. Qd3 c5 12. e5 Qc8 13. Ba3 Ba6 14. Qd2 Bxf1 15.
Rxf1 Nc4 16. Qc1 Nxa3 17. Qxa3 cxd4 18. Qa4+ Qd7 19. Qxd7+ Kxd7 20. Nxd4 Rac8
21. Rd1 Ke8 22. Nb5 a6 23. Nd6+ Bxd6 24. Rxd6 Rxc3 25. Bc6+ Rxc6 26. Rxc6 Ke7
27. Rxb6 Rc8 28. Rxa6 Rc5 29. Ra7+ Kf8 30. a4 Rxe5 31. a5 Rb5 32. a6 g6 33. Ra8+
Kg7 34. a7 Kf6 35. Rb8 Ra5 36. a8=Q Rxa8 37. Rxa8 h5 38. h4 Kf5 39. f3 f6 40.
Kf2 e5 41. Ke3 g5 42. hxg5 Kxg5 43. Ke4 h4 44. Rg8+ Kh5 45. Rh8+ Kg5 46. gxh4+
Kg6 47. f4 f5+ 48. Kxe5 Kg7 49. Rh5 Kf7 50. Rxf5+ Kg7 51. h5 Kh8 52. Kf6 Kh7 53.
Ra5 Kh8 54. Kg6 Kg8 55. Ra8# 1-0

[Event "ch-FRA Blitz Online Qual"]
[Site "Europe-Chess INT"]
[Date "2020.05.16"]
[Round "15"]
[White "Gordon, Louis"]
[Black "Lefrancois, Jean"]
[Result "1-0"]
[WhiteElo "1758"]
[BlackElo "1038"]
[WhiteFideId "45186162"]
[BlackFideId "551055635"]
[EventDate "2020.05.16"]

1. d4 d5 2. Nf3 Nf6 3. e3 Bf5 4. c4 e6 5. Nc3 c6 6. Nh4 Bg6 7. Nxg6 hxg6 8. Bd2
Be7 9. Rc1 Nbd7 10. Qb3 Qc7 11. cxd5 exd5 12. g3 O-O 13. Nxd5 Nxd5 14. Qxd5 Nf6
15. Qb3 a5 16. Bg2 a4 17. Qc2 Qd7 18. O-O Rac8 19. b3 axb3 20. axb3 c5 21. Qb2
cxd4 22. Qxd4 Qxd4 23. exd4 Rxc1 24. Rxc1 Rd8 25. Be3 Rd7 26. Bh3 Rd8 27. Rc7
Bd6 28. Rxb7 Rb8 29. Rxb8+ Bxb8 30. Bg2 Bd6 31. Bd2 Kf8 32. Kf1 Ke7 33. Ke2 Kd7
34. Kd3 Kc7 35. Kc4 Ng4 36. f3 Nxh2 37. Be1 f5 38. b4 g5 39. Bd2 g4 40. f4 Nf3
41. Bxf3 gxf3 42. Be3 Be7 43. b5 g5 44. Kd5 gxf4 45. gxf4 Bd6 46. Ke6 f2 47.
Bxf2 Bxf4 48. Kxf5 Bh6 49. d5 Bf8 50. Ke6 Kd8 51. b6 Kc8 52. d6 Bh6 53. d7+ Kd8
54. Bh4+ Bg5 55. Bxg5# 1-0

[Event "ch-FRA Blitz Online Qual"]
[Site "Europe-Chess INT"]
[Date "2020.05.16"]
[Round "15"]
[White "Le Bail, Stephane"]
[Black "Migus, Ethan"]
[Result "1-0"]
[WhiteElo "1746"]
[BlackElo "1084"]
[WhiteFideId "655368"]
[BlackFideId "551047594"]
[EventDate "2020.05.16"]

1. d4 d5 2. Bf4 Nc6 3. e3 Nf6 4. Nf3 e6 5. Be2 Be7 6. h3 O-O 7. O-O Ne4 8. Nbd2
Nxd2 9. Qxd2 Bb4 10. c3 Bd6 11. a3 Bxf4 12. exf4 Re8 13. Ne5 Nxe5 14. fxe5 f6
15. f4 b6 16. Rac1 Bb7 17. Rce1 f5 18. g4 fxg4 19. Bxg4 Qh4 20. Qf2 Qxf2+ 21.
Rxf2 Ba6 22. f5 exf5 23. Bxf5 Rf8 24. Be6+ Kh8 25. Bxd5 Rxf2 26. Kxf2 Rf8+ 27.
Kg3 Rd8 28. Bc6 Rf8 29. e6 Bb7 30. Bxb7 Re8 31. Bc6 Re7 32. Bd7 Kg8 33. Rf1 g6
34. d5 h5 35. h4 a6 36. b4 b5 37. a4 bxa4 38. Bxa4 Kg7 39. Bc6 Kg8 40. Kf4 Kg7
41. Kg5 Kg8 42. Rf6 Kg7 43. Rxg6+ Kh8 44. Kxh5 Kh7 45. Kg5 Kh8 46. h5 Kh7 47. h6
Kh8 48. Rg7 Rxg7+ 49. hxg7+ Kxg7 50. e7 Kf7 51. e8=Q+ Kg7 52. Qe7+ Kg8 53. Kg6
a5 54. Qg7# 1-0

[Event "ch-FRA Blitz Online Qual"]
[Site "Europe-Chess INT"]
[Date "2020.05.16"]
[Round "15"]
[White "Quere, Alexandre"]
[Black "Nicot, Valentin"]
[Result "1-0"]
[WhiteElo "2022"]
[BlackElo "1041"]
[WhiteFideId "631086"]
[BlackFideId "651002477"]
[EventDate "2020.05.16"]

1. Nf3 d5 2. g3 c5 3. Bg2 Nc6 4. O-O Nf6 5. d3 e6 6. Nbd2 Be7 7. e4 O-O 8. Re1
d4 9. a4 e5 10. Nc4 Bd6 11. Nh4 Be6 12. b3 Rc8 13. Nf5 Bxf5 14. exf5 Nb4 15.
Nxe5 Re8 16. f4 Nd7 17. Nxd7 Qxd7 18. Be4 b6 19. Bd2 a5 20. Rc1 Na2 21. Ra1 Nc3
22. Bxc3 dxc3 23. Qh5 f6 24. Bd5+ Kf8 25. Be6 Qb7 26. Qxh7 Rcd8 27. Qg8+ Ke7 28.
Qf7# 1-0

[Event "ch-FRA Blitz Online Qual"]
[Site "Europe-Chess INT"]
[Date "2020.05.16"]
[Round "15"]
[White "Auribault, Louis"]
[Black "Dumas, Charles"]
[Result "0-1"]
[WhiteElo "1618"]
[BlackElo "2284"]
[WhiteFideId "45196591"]
[BlackFideId "675733"]
[EventDate "2020.05.16"]

1. e4 c5 2. Nf3 Nc6 3. Bb5 g6 4. c3 Nf6 5. Qe2 Bg7 6. O-O O-O 7. Rd1 Qc7 8. d4
cxd4 9. cxd4 a6 10. Ba4 b5 11. Bc2 Bb7 12. a3 Rac8 13. Nc3 d6 14. e5 dxe5 15.
dxe5 Ng4 16. e6 f5 17. Rd7 Qb8 18. g3 Nce5 19. Bf4 Nxf3+ 20. Qxf3 Bxf3 21. Bxb8
Rxb8 22. Rxe7 Bd4 23. Rf1 Rbe8 24. Nd5 Bxd5 25. Rxe8 Rxe8 26. Re1 Bxf2+ 27. Kf1
Bc5 28. h3 Ne3+ 29. Kg1 Nxc2+ 30. Kh2 Nxe1 0-1

[Event "ch-FRA Blitz Online Qual"]
[Site "Europe-Chess INT"]
[Date "2020.05.16"]
[Round "15"]
[White "Bourgeois, Florian"]
[Black "Kloss, Alexandre"]
[Result "0-1"]
[WhiteElo "2033"]
[BlackElo "1577"]
[WhiteFideId "690660"]
[BlackFideId "36088617"]
[EventDate "2020.05.16"]

1. e4 c5 2. Nf3 d6 3. d4 cxd4 4. Nxd4 Nf6 5. Bd3 g6 6. O-O Bg7 7. c3 O-O 8. Be3
Nc6 9. Nd2 a6 10. N2b3 Bd7 11. Rc1 b5 12. f3 Rc8 13. Qd2 Re8 14. Bh6 Bh8 15.
Rfd1 Ne5 16. Qe2 Nc4 17. Bxc4 Rxc4 18. Nd2 Rc7 19. Qe3 Qc8 20. b3 a5 21. c4 bxc4
22. Rxc4 Rxc4 23. Nxc4 Qa6 24. Rc1 Rc8 25. f4 Ng4 26. Qh3 Bxd4+ 27. Kf1 Ne3+ 0-1

[Event "ch-FRA Blitz Online Qual"]
[Site "Europe-Chess INT"]
[Date "2020.05.16"]
[Round "15"]
[White "Delabarre, Olivier"]
[Black "Vernadet, Jacques"]
[Result "0-1"]
[WhiteElo "1997"]
[BlackElo "1600"]
[WhiteFideId "632481"]
[BlackFideId "665169"]
[EventDate "2020.05.16"]

1. d4 Nf6 2. c4 c6 3. Nc3 g6 4. e4 d6 5. f4 e6 6. Nf3 Bg7 7. Bd3 O-O 8. O-O c5
9. d5 exd5 10. cxd5 Bg4 11. h3 Bxf3 12. Qxf3 Nbd7 13. e5 dxe5 14. fxe5 Nxe5 15.
Qd1 Nxd5 16. Be2 Nxc3 17. bxc3 Qxd1 18. Rxd1 Rad8 19. Rf1 Nc6 20. Rb1 b6 21. Bb5
Na5 22. Bg5 f6 23. Bf4 g5 24. Bc7 Rd2 25. Rfe1 f5 26. Re7 Bxc3 27. Rbe1 Bd4+ 28.
Kh1 Bf6 29. Rd7 Rxd7 30. Bxd7 f4 31. Bg4 c4 32. Bd6 Rd8 33. Be6+ Kg7 34. Bc7 Re8
35. Rd1 Rxe6 36. Rd7+ Kg6 37. Bd8 Bxd8 38. Rxd8 c3 39. Rc8 Rc6 40. Rg8+ Kf7 41.
Rd8 c2 42. Rd7+ Ke6 43. Rxa7 c1=Q+ 0-1

[Event "ch-FRA Blitz Online Qual"]
[Site "Europe-Chess INT"]
[Date "2020.05.16"]
[Round "15"]
[White "Zanin, Dario"]
[Black "Cadieu, Corentin"]
[Result "1-0"]
[WhiteElo "1918"]
[BlackElo "1524"]
[WhiteFideId "615919"]
[BlackFideId "26023180"]
[EventDate "2020.05.16"]

1. e4 e6 2. d4 d5 3. Nc3 Bb4 4. e5 c5 5. a3 Bxc3+ 6. bxc3 Qd7 7. Nf3 Nc6 8. Be2
Nge7 9. O-O Nf5 10. g4 Nfe7 11. a4 Ng6 12. h4 b6 13. h5 Nge7 14. Bg5 h6 15. Be3
Bb7 16. dxc5 bxc5 17. Bxc5 Qc7 18. Bd6 Qd7 19. Rb1 Nc8 20. Ba3 Nb6 21. Bb5 Qe7
22. Nd4 Rc8 23. a5 Nd7 24. a6 Ba8 25. Bxe7 1-0

[Event "ch-FRA Blitz Online Qual"]
[Site "Europe-Chess INT"]
[Date "2020.05.16"]
[Round "15"]
[White "Delabre, Gaspard"]
[Black "Briand, Amaury"]
[Result "0-1"]
[WhiteElo "1449"]
[BlackElo "1929"]
[WhiteFideId "36076627"]
[BlackFideId "36054968"]
[EventDate "2020.05.16"]

1. e4 e5 2. Nf3 Nc6 3. Bc4 Nf6 4. d3 Be7 5. c3 O-O 6. Nbd2 d5 7. exd5 Nxd5 8.
O-O Kh8 9. Re1 f6 10. Ne4 Nb6 11. Bb3 a5 12. a4 Bg4 13. h3 Bh5 14. Ng3 Bg6 15.
d4 exd4 16. Nxd4 Nxd4 17. Qxd4 Qxd4 18. cxd4 Bb4 19. Re2 Rad8 20. Be3 Bd3 0-1

[Event "ch-FRA Blitz Online Qual"]
[Site "Europe-Chess INT"]
[Date "2020.05.16"]
[Round "15"]
[White "Cocogne, Ludovic"]
[Black "Brasseur, Vincent"]
[Result "0-1"]
[WhiteElo "1924"]
[BlackElo "1603"]
[WhiteFideId "644536"]
[BlackFideId "45129550"]
[EventDate "2020.05.16"]

1. e4 e5 2. Bc4 Nc6 3. Nf3 Nf6 4. d3 Be7 5. c3 d6 6. Bb3 a6 7. O-O O-O 8. h3 h6
9. Re1 Na5 10. Bc2 Be6 11. Nbd2 c5 12. Nf1 Nc6 13. Ng3 Kh7 14. Nf5 Bxf5 15. exf5
Re8 16. Be3 Nd5 17. d4 Nxe3 18. fxe3 Bf6 19. dxc5 dxc5 20. Qe2 Qb6 21. Rab1 Rad8
22. Ba4 Re7 23. Bb3 Na5 24. Bc2 Nc6 25. Nd2 Qc7 26. Ne4 Qb6 27. Nxf6+ gxf6 28.
Qf3 Red7 29. Qh5 Rg8 30. Kh1 Rg5 31. Qf3 Qc7 32. h4 Rg7 33. Rbd1 Re7 34. Rd5 Na5
35. Red1 Nc4 36. b3 Nb6 37. Rd6 Nc8 38. Rxf6 Rd7 39. Rxd7 Qxd7 40. Qd1 Qe7 41.
Re6 Qxh4+ 42. Kg1 Qg5 43. f6+ Rg6 44. Re8 Qxg2# 0-1

[Event "ch-FRA Blitz Online Qual"]
[Site "Europe-Chess INT"]
[Date "2020.05.16"]
[Round "15"]
[White "Bernard, Louis"]
[Black "Inventar, Alexandre"]
[Result "1-0"]
[WhiteElo "1993"]
[BlackElo "1437"]
[WhiteFideId "36075191"]
[BlackFideId "36054100"]
[EventDate "2020.05.16"]

1. e4 d6 2. d4 Nd7 3. Nc3 e5 4. Nf3 Ngf6 5. Be2 h6 6. O-O Be7 7. Re1 c6 8. a4
Qb6 9. a5 Qc7 10. Bc4 Nh5 11. Nxe5 dxe5 12. Qxh5 g6 13. Qf3 Nf6 14. dxe5 Qxe5
15. Bf4 Qc5 16. e5 Bg4 17. Qd3 Rd8 18. exf6 Rxd3 19. cxd3 Kd7 20. Rxe7+ Kc8 21.
Rc7+ Kd8 22. Rxb7 Bd7 23. Re1 Re8 24. Rxe8+ Kxe8 25. Rb8+ Bc8 26. Rxc8+ Kd7 27.
Rc7+ Kd8 28. Rxf7 Qxa5 29. h3 Qa1+ 30. Kh2 Qxb2 31. Ne4 Qd4 32. Rf8+ Kd7 33. f7
Ke7 34. Bxh6 Qe5+ 35. f4 1-0

[Event "ch-FRA Blitz Online Qual"]
[Site "Europe-Chess INT"]
[Date "2020.05.16"]
[Round "15"]
[White "Rahnama, Matin"]
[Black "Roussel, Matthieu"]
[Result "1-0"]
[WhiteElo "1754"]
[BlackElo "1577"]
[WhiteFideId "45146039"]
[BlackFideId "36070009"]
[EventDate "2020.05.16"]

1. e4 e5 2. f4 d5 3. exd5 exf4 4. Nf3 Nf6 5. Bb5+ Bd7 6. Qe2+ Be7 7. O-O O-O 8.
d4 Nxd5 9. Bxd7 Nxd7 10. Qb5 N7b6 11. c4 Ne3 12. Bxe3 fxe3 13. Nc3 a6 14. Qh5
Nxc4 15. Rfe1 h6 16. b3 Nd2 17. Rxe3 Nxf3+ 18. Qxf3 Qxd4 19. Rd1 Qc5 20. b4 Qb6
21. Nd5 Qa7 22. Nxe7+ Kh8 23. Kf2 Rae8 24. Rd7 f5 25. Ng6+ Kh7 26. Nxf8+ Rxf8
27. g3 Kg8 28. Kg2 Rf6 29. Ree7 Rg6 30. Qxf5 Qb6 31. h4 Qc6+ 32. Kh2 Qc3 33. Qd3
Qf6 34. Re8+ Kh7 35. h5 Qf2+ 36. Kh3 1-0

[Event "ch-FRA Blitz Online Qual"]
[Site "Europe-Chess INT"]
[Date "2020.05.16"]
[Round "15"]
[White "De Monts, Louis"]
[Black "Vallee, Louis"]
[Result "1-0"]
[WhiteElo "1630"]
[BlackElo "1864"]
[WhiteFideId "36088781"]
[BlackFideId "45103291"]
[EventDate "2020.05.16"]

1. e4 e5 2. Nf3 Nc6 3. Bc4 Bc5 4. b4 Bxb4 5. c3 Ba5 6. d4 d6 7. O-O Nf6 8. dxe5
dxe5 9. Qxd8+ Kxd8 10. Bxf7 Nxe4 11. Bd5 Nxc3 12. Bxc6 bxc6 13. Nxe5 Bb7 14.
Nf7+ Ke7 15. Nxh8 Rxh8 16. Ba3+ Kf7 17. Nxc3 Bxc3 18. Rab1 Ba6 19. Rfc1 Ba5 20.
Rxc6 Bb6 21. Re1 Rd8 22. Rc2 Rd7 23. h3 Rd3 24. Bc5 Kf6 25. Bxb6 cxb6 26. Rc6+
Kf5 27. Rc7 Ra3 28. Rxa7 Rxa2 29. Rb1 Bd3 30. Rxa2 Bxb1 31. Rb2 Be4 32. Rxb6 h5
33. f3 Bd5 34. Rb5 Ke6 35. Kf2 g6 36. g4 hxg4 37. fxg4 Kd6 38. Kg3 Bc4 39. Rb6+
Ke5 40. Rxg6 Bd5 41. Rg5+ Ke6 42. Rxd5 Kxd5 43. Kf4 Ke6 44. Kg5 Kf7 45. Kh6 Kf6
46. g5+ Kf7 47. Kh7 Ke6 48. g6 Kf5 49. g7 Kf4 50. g8=Q Ke4 51. Qg5 Kd4 52. Qe7
Kd5 53. Kg6 Kd4 54. Qe6 Kd3 55. Qe5 Kc4 56. Qd6 Kc3 57. Qd5 Kb4 58. Qc6 Kb3 59.
Qc5 Kb2 60. Qc4 Ka3 61. Qb5 Ka2 62. Kf5 Ka1 63. Ke4 Ka2 64. Kd3 Ka3 65. Kc2 Ka2
66. Qb2# 1-0

[Event "ch-FRA Blitz Online Qual"]
[Site "Europe-Chess INT"]
[Date "2020.05.16"]
[Round "15"]
[White "Ragneau, Freddy"]
[Black "Chevillon, Celia"]
[Result "1-0"]
[WhiteElo "1859"]
[BlackElo "1433"]
[WhiteFideId "36001228"]
[BlackFideId "45107459"]
[EventDate "2020.05.16"]

1. e4 e5 2. Nf3 Nc6 3. Bc4 Bc5 4. c3 Nf6 5. d3 d6 6. Nbd2 Be6 7. a4 Bxc4 8. Nxc4
a6 9. Be3 Ba7 10. h3 h6 11. b4 Qd7 12. b5 Bxe3 13. bxc6 Bxf2+ 14. Kxf2 bxc6 15.
Rb1 O-O 16. Qc2 Rfe8 17. Rhe1 Rab8 18. Rxb8 Rxb8 19. Rb1 Qc8 20. Na5 Rb6 21. Kf1
Qb7 22. Nxb7 Rxb1+ 23. Qxb1 1-0

[Event "ch-FRA Blitz Online Qual"]
[Site "Europe-Chess INT"]
[Date "2020.05.16"]
[Round "15"]
[White "Laignel, Quentin"]
[Black "Meillon, Judicael"]
[Result "1-0"]
[WhiteElo "1420"]
[BlackElo "2063"]
[WhiteFideId "45169128"]
[BlackFideId "36044288"]
[EventDate "2020.05.16"]

1. d4 Nf6 2. Bg5 e6 3. Nd2 Bb4 4. c3 Be7 5. e4 d5 6. e5 Nfd7 7. Bxe7 Qxe7 8.
Ngf3 c5 9. Bd3 Nc6 10. O-O cxd4 11. cxd4 O-O 12. Nb3 a5 13. a3 a4 14. Nc1 f6 15.
exf6 Qxf6 16. Re1 e5 17. dxe5 Ndxe5 18. Nxe5 Qxf2+ 19. Kh1 Nxe5 20. Rxe5 Qxb2
21. Qh5 Qxa1 22. Bxh7+ Kh8 23. Bg6+ Kg8 24. Qh7# 1-0

[Event "ch-FRA Blitz Online Qual"]
[Site "Europe-Chess INT"]
[Date "2020.05.16"]
[Round "15"]
[White "Vine, Thibaut"]
[Black "Gilles, Francois"]
[Result "1-0"]
[WhiteElo "1837"]
[BlackElo "1637"]
[WhiteFideId "20654227"]
[BlackFideId "654663"]
[EventDate "2020.05.16"]

1. e4 Nf6 2. Nc3 d5 3. e5 Ne4 4. d4 Bf5 5. Nf3 e6 6. Bd3 Be7 7. O-O O-O 8. Re1
Nxc3 9. bxc3 Bxd3 10. Qxd3 h6 11. h3 Nd7 12. Nh2 f6 13. exf6 Rxf6 14. Ng4 Rf7
15. Qg6 Bf6 16. Nxh6+ Kf8 17. Qxf7# 1-0

[Event "ch-FRA Blitz Online Qual"]
[Site "Europe-Chess INT"]
[Date "2020.05.16"]
[Round "15"]
[White "Schippke, Manon"]
[Black "Gatineau, Milann"]
[Result "1-0"]
[WhiteElo "1873"]
[BlackElo "1390"]
[WhiteFideId "45100446"]
[BlackFideId "36044199"]
[EventDate "2020.05.16"]

1. e4 e6 2. d3 d5 3. Qe2 c6 4. b3 Nf6 5. Bb2 Be7 6. Nd2 Nbd7 7. h3 Qc7 8. O-O-O
e5 9. g4 Nc5 10. g5 Nfd7 11. Ngf3 d4 12. h4 Ne6 13. Bh3 Nf4 14. Qe1 b5 15. h5
Nc5 16. Bxc8 Rxc8 17. g6 hxg6 18. hxg6 Rxh1 19. Qxh1 Nxg6 20. Qh7 Bf6 21. Nf1
Ke7 22. Qh2 Rh8 23. Qg1 Ne6 24. Ng3 c5 25. Nf5+ Kd7 26. Kb1 c4 27. dxc4 bxc4 28.
Qf1 c3 29. Bc1 Qc6 30. Ng3 Ngf4 31. Ng1 Bg5 32. N1e2 Nxe2 33. Nxe2 Bxc1 34. Rxc1
Qd6 35. Ka1 Qa3 36. Rb1 Nc5 37. Qg2 g6 38. Qg4+ Ke7 39. Qg5+ Ke6 40. f4 Nxe4 41.
Qxe5+ Kd7 42. Qxd4+ Ke7 43. Qxe4+ Kf6 44. Qe5# 1-0

[Event "ch-FRA Blitz Online Qual"]
[Site "Europe-Chess INT"]
[Date "2020.05.16"]
[Round "15"]
[White "Ghazaryan, Gurgen"]
[Black "Hassler, Tim"]
[Result "1-0"]
[WhiteElo "1403"]
[BlackElo "1933"]
[WhiteFideId "45137609"]
[BlackFideId "36052566"]
[EventDate "2020.05.16"]

1. e4 e6 2. d4 d5 3. exd5 exd5 4. c4 c6 5. Nf3 Bd6 6. Nc3 Nf6 7. Bg5 dxc4 8.
Bxc4 Bg4 9. h3 Bh5 10. O-O O-O 11. Ne4 Be7 12. Nxf6+ Bxf6 13. Bxf6 Qxf6 14. Be2
Nd7 15. Ne5 Nxe5 16. dxe5 Bxe2 17. exf6 Bxd1 18. fxg7 Kxg7 19. Raxd1 Rad8 20. g4
Rfe8 21. f4 Rxd1 22. Rxd1 Re2 23. Rb1 Kf6 24. a3 Ke6 25. b4 Re3 26. Kg2 Rxa3 27.
Re1+ Kf6 28. Rd1 Ke7 29. f5 Ra4 30. Rd4 c5 31. Re4+ Kd7 32. f6 Rxb4 33. Re7+ Kd6
34. Rxf7 Rf4 35. g5 Ke6 36. Rxh7 c4 37. Rxb7 a5 38. Ra7 Rf5 39. h4 Rf4 40. Kg3
Rf5 41. Rc7 a4 42. Rxc4 Rb5 43. Rxa4 Rb3+ 44. Kg4 Kf7 45. Kh5 Rb7 46. Kh6 Kg8
47. g6 Kf8 48. Ra8+ Rb8 49. Rxb8# 1-0

[Event "ch-FRA Blitz Online Qual"]
[Site "Europe-Chess INT"]
[Date "2020.05.16"]
[Round "15"]
[White "Benlatreche, Farid"]
[Black "Carlier-Bromberg, Paul"]
[Result "0-1"]
[WhiteElo "1416"]
[BlackElo "1790"]
[WhiteFideId "551081474"]
[BlackFideId "36099155"]
[EventDate "2020.05.16"]

1. d4 d5 2. f4 Nf6 3. e3 Nc6 4. c3 e6 5. Nf3 g6 6. Bd3 Bg7 7. O-O O-O 8. Ne5
Nxe5 9. fxe5 Nd7 10. Nd2 f6 11. Nf3 fxe5 12. dxe5 Nxe5 13. Nxe5 Bxe5 14. Bd2 Qd6
15. g3 Bd7 16. Be1 Qb6 17. Qd2 Rxf1+ 18. Bxf1 Bg7 19. Bf2 c6 20. e4 Qc7 21. exd5
exd5 22. c4 Be6 23. cxd5 Bxd5 24. Rc1 Rd8 25. Qe2 Qe5 26. Qg4 Qxb2 27. Qf4 Rf8
28. Qe3 Bh6 29. Qd4 Qxd4 30. Bxd4 Bxc1 31. Bd3 b6 32. Bc3 Be3# 0-1

[Event "ch-FRA Blitz Online Qual"]
[Site "Europe-Chess INT"]
[Date "2020.05.16"]
[Round "15"]
[White "Mallevaey, Armand"]
[Black "Cornileau, Raphael"]
[Result "1-0"]
[WhiteElo "1773"]
[BlackElo "1397"]
[WhiteFideId "36041424"]
[BlackFideId "45105790"]
[EventDate "2020.05.16"]

1. e4 e5 2. Nf3 Nc6 3. Bb5 d6 4. O-O Bg4 5. h3 Bh5 6. Bxc6+ bxc6 7. c3 Be7 8. d4
exd4 9. cxd4 Bxf3 10. Qxf3 Bf6 11. Rd1 Ne7 12. e5 dxe5 13. dxe5 Nd5 14. exf6
gxf6 15. Nc3 Rb8 16. Nxd5 c5 17. Nxf6+ Kf8 18. Rxd8+ Rxd8 19. Bh6+ Ke7 20. Re1+
Kd6 21. Qd5# 1-0

[Event "ch-FRA Blitz Online Qual"]
[Site "Europe-Chess INT"]
[Date "2020.05.16"]
[Round "15"]
[White "Sere, Nicolas"]
[Black "Zanin, Clement"]
[Result "1-0"]
[WhiteElo "1753"]
[BlackElo "1327"]
[WhiteFideId "36014320"]
[BlackFideId "36066869"]
[EventDate "2020.05.16"]

1. e4 e5 2. Nf3 Nc6 3. Bb5 a6 4. Ba4 Bc5 5. c3 Nf6 6. O-O d6 7. d4 exd4 8. cxd4
Bb4 9. a3 b5 10. axb4 bxa4 11. Nc3 Nxb4 12. Qxa4+ Bd7 13. Qxb4 O-O 14. Bg5 h6
15. Bh4 c6 16. e5 dxe5 17. dxe5 Nd5 18. Bxd8 Nxb4 19. Be7 Nc2 20. Bxf8 Nxa1 21.
Rxa1 Rxf8 22. Rxa6 Rb8 23. Nd4 Rxb2 24. h3 c5 25. Ndb5 Bxb5 26. Nxb5 Rxb5 27.
Rc6 c4 28. f4 Rb1+ 29. Kf2 Rc1 30. Ke2 c3 31. Kd3 Rg1 32. Rxc3 Rxg2 33. Ke4 Rf2
34. Rg3 Re2+ 35. Kf5 g6+ 36. Kf6 Ra2 37. Rd3 Ra7 38. Rd8+ Kh7 39. Rf8 Ra6+ 40.
Kxf7 Ra7+ 41. Kf6 Ra6+ 42. e6 Ra4 43. Rf7+ Kg8 44. Kxg6 Ra6 45. f5 Rd6 46. Rd7
Ra6 47. Rd8# 1-0

[Event "ch-FRA Blitz Online Qual"]
[Site "Europe-Chess INT"]
[Date "2020.05.16"]
[Round "15"]
[White "Schrefheere, Anthime"]
[Black "Bosc, Frederic"]
[Result "1-0"]
[WhiteElo "1750"]
[BlackElo "1365"]
[WhiteFideId "657646"]
[BlackFideId "36030970"]
[EventDate "2020.05.16"]

1. e4 e5 2. Nc3 Nf6 3. f4 d6 4. Nf3 Be7 5. Be2 Nc6 6. O-O O-O 7. h3 exf4 8. d4
Re8 9. Bxf4 Bf8 10. Bd3 Nb4 11. Qd2 Nxd3 12. cxd3 a6 13. Rae1 b5 14. e5 dxe5 15.
dxe5 Nd5 16. Bg5 f6 17. exf6 Nxf6 18. Rxe8 Qxe8 19. Bxf6 gxf6 20. Qf4 Qf7 21.
Ng5 Bh6 22. Nxf7 Bxf4 23. Rxf4 Kxf7 24. Nd5 c6 25. Nxf6 Kg6 26. Ne4 Bf5 27. g4
Bxe4 28. dxe4 Rd8 29. Kg2 Rd2+ 30. Rf2 Rd4 31. Re2 Kg5 32. Kg3 c5 33. h4+ Kf6
34. Kf4 h6 35. g5+ hxg5+ 36. hxg5+ Kg6 37. b3 c4 38. Ke5 Rd3 39. bxc4 bxc4 40.
Ke6 Kxg5 41. e5 c3 42. Rc2 Kf4 43. Rf2+ Ke3 44. Rc2 1-0

[Event "ch-FRA Blitz Online Qual"]
[Site "Europe-Chess INT"]
[Date "2020.05.16"]
[Round "15"]
[White "Assouane, Aksel"]
[Black "Galhaud, Jean-Philippe"]
[Result "1-0"]
[WhiteElo "1238"]
[BlackElo "1749"]
[WhiteFideId "45154708"]
[BlackFideId "26001349"]
[EventDate "2020.05.16"]

1. e4 c5 2. Nc3 Nc6 3. f4 g6 4. Nf3 Bg7 5. d3 d6 6. Be2 Nf6 7. O-O O-O 8. Bd2
Bd7 9. Qe1 Rc8 10. Qh4 Bg4 11. f5 Bxf3 12. Rxf3 Ne5 13. Rh3 e6 14. fxe6 fxe6 15.
Bg5 Qe7 16. Rf1 Ned7 17. Bh6 a6 18. Bxg7 Qxg7 19. Qf4 Ne5 20. Qh6 Qxh6 21. Rxh6
Kg7 22. Rh3 Nfg4 23. Bxg4 Nxg4 24. Rhf3 Ne5 25. Rxf8 Rxf8 26. Rxf8 Kxf8 27. h3
Ke7 28. Kf2 b5 29. Ke3 Kf6 30. Ne2 h6 31. g4 h5 32. gxh5 gxh5 33. Nf4 h4 34. c3
a5 35. d4 cxd4+ 36. Kxd4 Nc6+ 37. Ke3 Ne5 38. Kd4 Nc4 39. b3 Nd2 40. Ng2 Nf1 41.
Nxh4 Ng3 42. Nf3 Ne2+ 43. Kd3 Nf4+ 44. Kd4 Nxh3 45. c4 bxc4 46. Kxc4 Nf4 47. Kb5
Nd3 48. Kxa5 d5 49. exd5 exd5 50. b4 Ke6 51. b5 Kd6 52. Ka6 Nc5+ 53. Ka5 Nb7+
54. Kb6 Nc5 55. Nd4 Na4+ 56. Ka5 Nc3 57. Nc6 Kc5 58. a4 d4 59. Nxd4 Kxd4 60. b6
Nd5 61. b7 Ne7 62. b8=Q 1-0

[Event "ch-FRA Blitz Online Qual"]
[Site "Europe-Chess INT"]
[Date "2020.05.16"]
[Round "15"]
[White "Thobie, Pascal"]
[Black "Sylvestre-Baron, Laurent"]
[Result "0-1"]
[WhiteElo "1216"]
[BlackElo "1728"]
[WhiteFideId "651001187"]
[BlackFideId "20698585"]
[EventDate "2020.05.16"]

1. e4 c5 2. Nf3 Nc6 3. d4 cxd4 4. Nxd4 e5 5. Nxc6 bxc6 6. Bc4 Nf6 7. Nc3 Bb4 8.
f3 O-O 9. Bd2 Bb7 10. O-O d5 11. exd5 cxd5 12. Bb3 d4 13. Nb1 Bxd2 14. Nxd2 e4
15. fxe4 Bxe4 16. Nxe4 Nxe4 17. Qd3 Nc5 18. Qc4 Rc8 19. Qd5 Qb6 20. Qxd4 Rcd8
21. Qf2 Rd2 22. Qe3 Nxb3 23. Qxb6 axb6 24. cxb3 Rxb2 25. Rfb1 Rxb1+ 26. Rxb1 Ra8
27. Rb2 f6 28. Kf2 Kf7 29. g3 Ke6 30. h3 Kd5 31. Rd2+ Kc5 32. Rc2+ Kb4 33. Rc4+
Ka3 34. Rc7 Kxa2 35. Rxg7 Kxb3 36. Rxh7 b5 37. Rf7 Ra6 38. Kf3 Rb6 39. h4 b4 40.
h5 Ka2 41. h6 b3 42. h7 Rb8 43. Rg7 Rh8 44. Kf4 b2 45. Rb7 b1=Q 46. Rxb1 Kxb1
47. Kf5 Rxh7 48. Kxf6 Kc2 49. g4 Kd3 50. g5 Ra7 51. g6 Ra1 52. g7 Rf1+ 53. Kg6
Rg1+ 54. Kh7 Rh1+ 55. Kg8 Rg1 56. Kh8 Rh1+ 57. Kg8 Ke4 58. Kf8 Rf1+ 59. Kg8 Ke5
60. Kh7 Rh1+ 61. Kg8 Ke6 62. Kf8 Rf1+ 63. Kg8 Kf6 64. Kf8 Kg6+ 65. Kg8 Re1 66.
Kh8 Rh1+ 67. Kg8 Kf6 68. Kf8 Ra1 69. g8=Q Ra8# 0-1